| 000 | 00911nam a22002417a 4500 | ||
|---|---|---|---|
| 001 | BRCA_9302 | ||
| 003 | FranzMayer | ||
| 005 | 20230728113651.0 | ||
| 008 | 230728b |||||||| |||| 00| 0 eng d | ||
| 040 |
_aMFM _besp _cMFM |
||
| 050 |
_aLE59 _bM39 1758 |
||
| 082 | _2BJ1500.S65 | ||
| 100 | 1 |
_4Autor _aMayáns I Siscar, Don Gregorio _928991 |
|
| 240 | 1 |
_aRhetorica de Don Gregorio Mayans I Siscar _hTomo II _lespañol |
|
| 245 | 0 |
_aRhetorica de Don Gregorio Mayans I Siscar _bTomo II |
|
| 260 |
_aSan Martín, España _bHerederos de Gerónimo Conejos _c1758 |
||
| 300 |
_a532 p. _c18 cm |
||
| 440 |
_aRhetorica de Don Gregorio Mayans I Siscar _nTomo II _928992 |
||
| 505 | 0 | _aTexto en: españolDirigido a: filósofos, estudiosos, retóricosIncluye índice temático | |
| 650 | 1 |
_2Filosofía _aÉtica _vTemas especiales _928993 |
|
| 651 | 2 |
_2Ética _aRetórica _vEl arte del discurso _928994 |
|
| 942 |
_2lcc _cB |
||
| 999 |
_c10924 _d10924 |
||